Forme de département français - Choix Multiple - Statistiques

Statistiques générales
  • Ce quiz a été pris 66 fois
    32 depuis la dernière actualisation
  • Le résultat moyen est 10 sur 15
Statistiques - réponses
Question Réponse % Correct
Yvelines
86%
Hérault
86%
Côte d'Armor
86%
Somme
86%
Mayotte
71%
Eure
71%
Charente
57%
Vaucluse
57%
Haute-Saône
57%
Loir-et-Cher
57%
Vendée
57%
Haute-Marne
57%
Sarthe
57%
Meuse
57%
Drôme
43%
Aucun quiz correspondant
Distribution des résultats
% des personnes avec chaque résultat
Percentile par nombre de réponses
Votre historique - résultats
Vous n’avez pas pris ce quiz depuis la dernière actualisation